| 000 | 01741nam a2200361 a 4500 | ||
|---|---|---|---|
| 001 | 00003842 | ||
| 003 | DO-SdBNP | ||
| 005 | 20160530100743.0 | ||
| 007 | 00003842 | ||
| 008 | 150130s2009 dr abc 000 0 spa d | ||
| 020 | _a9945400061 | ||
| 040 |
_aBPMSU _bspa _cBPMSU |
||
| 092 |
_a372.83 _bH493c 7mo. 2009 |
||
| 100 | 1 | _aHernández Polanco, Ricardo | |
| 245 | 1 | 0 |
_aCiencias sociales 7 / _c Ricardo Hernández Polanco, Alejandro Hernández Grullón ; Colaboración Benito García. |
| 260 |
_aSanto Domingo : _bActualidad Escolar 2000, _c2009. |
||
| 300 |
_a2 v. : _bil., mapas. retrs. ; _c28 cm. |
||
| 500 | _aEste libro ha sido realizado de acuerdo al curriculum vigente y aprobado como libro de texto por la SEE, bajo el no. 6096 de fecha 4 de julio 2006, revisado y actualizado al 2009 | ||
| 500 | _aRevisado y actualizado al 2009 | ||
| 504 | _aBibliografía : p. 135 | ||
| 505 | 1 |
_gunidad 1-- _tUnidad 1. _tMovimiento poblacional y dominio del espacio en la República Dominicana -- _tUnidad 2 . _tOcupación haitiana (1822-1844) y proceso de independencia de la República Dominicana -- _tUnidad 3 -- _tPresencia de las potencias europeas y los Estados Unidos en las luchas internas post-independentistas -- |
|
| 650 | 4 |
_aCIENCIAS SOCIALES _xENSEÑANZA BÁSICA |
|
| 650 | 4 |
_aCIENCIAS SOCIALES _xESTUDIOS Y EJERCICIOS |
|
| 650 | 4 |
_aCIENCIAS SOCIALES _xLIBROS DE TEXTOS |
|
| 650 | 4 |
_aEDUCACIÓN PRIMARIA _zREPÚBLICA DOMINICANA |
|
| 650 | 4 |
_aCIENCIAS SOCIALES _zEDUCACIÓN PRIMARIA |
|
| 700 | 1 | _aHernández Grullón, Alejandro | |
| 700 | 1 | 2 | _aGarcía, Benito |
| 910 | _aValidado. Control de calidad MFF | ||
| 930 | 1 |
_lBND01 _mLF1 _820110113 _f04 _pHD |
|
| 942 |
_2ddc _cBK |
||
| 956 |
_aLOPEREZ _b10 _c2016 _lBPMSU _h0041 |
||
| 999 |
_c9660 _d9660 |
||